Imaginace jako prostor setkání s nevědomím / Verena Kastová ; [z německého originálu ... přeložili Kristina a Jan Černí]
Record details
- ISBN: 978-80-7367-702-2 (brož.)
- Physical Description: 167 s. ; 21 cm
- Edition: Vyd. 2.
- Publisher: Praha : Portál, 2010
Content descriptions
| Bibliography, etc. Note: | Obsahuje bibliografii a bibliografické odkazy |
Search for related items by subject
| Subject: | aktivní imaginace psychoterapie active imagination psychotherapy |
| Genre: | příručky handbooks, manuals, etc |
Search for related items by series
Available copies
- 0 of 1 copy available at Common Catalog SPOK.
Holds
- 0 current holds with 1 total copy.
Other Formats and Editions
Show Only Available Copies
| Location | Call Number / Copy Notes | Barcode | Shelving Location | Status | Due Date |
|---|---|---|---|---|---|
| Jabok Library | Psy-9.3 | 424480033245 | Odborná literatura | Checked out | 30.04.2025 |
| LDR | 01569nam a2200445 a 4500 | ||
|---|---|---|---|
| 001 | 18269 | ||
| 003 | CZ-PrJAB | ||
| 005 | 20220328083442.0 | ||
| 007 | ta | ||
| 008 | 100201s2010 xr e f 000 0 cze | ||
| 015 | . | ‡acnb002031676 | |
| 020 | . | ‡a978-80-7367-702-2 (brož.) | |
| 035 | . | ‡a(CZ PrNK)18269 | |
| 035 | . | ‡a(OCoLC)649799425 | |
| 040 | . | ‡aABA001 ‡bcze ‡dBOA001 | |
| 041 | 1 | . | ‡acze ‡hger |
| 072 | 7. | ‡a159.96 ‡xZvláštní duševní stavy a procesy ‡2Konspekt ‡917 | |
| 080 | . | ‡a159.964.26:159.954.3 ‡2MRF | |
| 080 | . | ‡a615.851 ‡2MRF | |
| 080 | . | ‡a(035) ‡2MRF | |
| 100 | 1 | . | ‡aKast, Verena, ‡d1943- ‡7jn20010309433 ‡4aut |
| 245 | 1 | 0. | ‡aImaginace jako prostor setkání s nevědomím / ‡cVerena Kastová ; [z německého originálu ... přeložili Kristina a Jan Černí] |
| 250 | . | ‡aVyd. 2. | |
| 260 | . | ‡aPraha : ‡bPortál, ‡c2010 | |
| 300 | . | ‡a167 s. ; ‡c21 cm | |
| 490 | 1 | . | ‡aSpektrum ; ‡v6 |
| 504 | . | ‡aObsahuje bibliografii a bibliografické odkazy | |
| 650 | 0 | 7. | ‡aaktivní imaginace ‡7ph276824 ‡2czenas |
| 650 | 0 | 7. | ‡apsychoterapie ‡7ph115954 ‡2czenas |
| 650 | 0 | 9. | ‡aactive imagination ‡2eczenas |
| 650 | 0 | 9. | ‡apsychotherapy ‡2eczenas |
| 655 | 7. | ‡apříručky ‡7fd133209 ‡2czenas | |
| 655 | 9. | ‡ahandbooks, manuals, etc ‡2eczenas | |
| 700 | 1 | . | ‡aČerná, Kristina ‡7jx20050308013 ‡4trl |
| 700 | 1 | . | ‡aČerný, Jan, ‡d1948- ‡7mzk2006354002 ‡4trl |
| 765 | 0 | . | ‡tImagination als Raum der Freiheit ‡9Česky |
| 830 | 0. | ‡aSpektrum (Portál) | |
| 910 | . | ‡aABG312 | |
| 901 | . | ‡a18269 ‡b ‡c18269 ‡tbiblio | |